000
00271nam a2200109Ia 4500
001
1276061
005
20260417160440.0
008
260417s9999 xx 000 0 und d
020
_a
9786256126251
245
0
_a
Bu Geyik Bana Ait
_c
Oliver Jeffers
260
_b
Ketebe Çocuk
999
_c
1276061
_d
1276061